00421nam a2200157Ia 4500008004100000100001700041245007700058260000900135300001300144504001200157650001700169650001400186650003500200700001600235773001200251181130s2018 xx 000 0 und d aMalik, Parul aPsychometric testing of the resilience at work scale using Indian sample c2018 ap.77-91. dApr-Jun aOrganisation aPersonnel aResilience at Work Scale (RAW) aGarg, Pooja aVikalpa